[Event "Hamburg-chT Landesliga 1314"]
[Site "Hamburg"]
[Date "2014.04.13"]
[Round "9.5"]
[White "Chin, Karin"]
[Black "Paul, Anatolij"]
[Result "1/2-1/2"]
[WhiteElo "2073"]
[BlackElo "2118"]
[PlyCount "89"]
[EventDate "2013.10.13"]
[EventType "team-tourn"]
[EventRounds "9"]
[EventCountry "GER"]
[SourceTitle "EXT 2022"]
[Source "ChessBase"]
[SourceDate "2021.10.06"]
[SourceVersion "1"]
[SourceVersionDate "2021.10.06"]
[SourceQuality "1"]
[WhiteTeam "Hamburg Koenigsspringer II"]
[BlackTeam "Grosshansdorf"]
[WhiteTeamCountry "GER"]
[BlackTeamCountry "GER"]

1. e4 d6 2. d4 Nf6 3. Nc3 e5 4. dxe5 dxe5 5. Qxd8+ Kxd8 6. Bc4 Ke8 7. a3 Bd6 8. Nge2 a6 9. Be3 Ng4 10. Bd2 Nd7 11. Ng3 g6 12. f3 Ngf6 13. Be3 h6 14. 0-0-0 Kf8 15. h4 h5 16. Rhe1 Kg7 17. Ba2 b5 18. Nd5 Bb7 19. Ne2 a5 20. Nec3 Bc6 21. Nxf6 Nxf6 22. Nd5 b4 23. Nxf6 Kxf6 24. axb4 axb4 25. Bc4 Ra5 26. Kd2 Ke7 27. Ra1 Rha8 28. Rxa5 Rxa5 29. g4 hxg4 30. fxg4 f6 31. Kd3 f5 32. Bg5+ Kf8 33. Bh6+ Ke7 34. Bg5+ Kd7 35. gxf5 gxf5 36. h5 Bxe4+ 37. Rxe4 fxe4+ 38. Kxe4 Ra1 39. Kf5 Rh1 40. h6 e4 41. Be6+ Ke8 42. Bd5 Be7 43. Bf4 Bd6 44. Bg5 Be7 45. Bf4 1/2-1/2

[Event "Hamburg-chT Landesliga 1314"]
[Site "Hamburg"]
[Date "2014.04.12"]
[Round "8.5"]
[White "Ramme, Christoph"]
[Black "Chin, Karin"]
[Result "1-0"]
[WhiteElo "2128"]
[BlackElo "2073"]
[PlyCount "61"]
[EventDate "2013.10.13"]
[EventType "team-tourn"]
[EventRounds "9"]
[EventCountry "GER"]
[SourceTitle "EXT 2022"]
[Source "ChessBase"]
[SourceDate "2021.10.06"]
[SourceVersion "1"]
[SourceVersionDate "2021.10.06"]
[SourceQuality "1"]
[WhiteTeam "Marmstorf"]
[BlackTeam "Hamburg Koenigsspringer II"]
[WhiteTeamCountry "GER"]
[BlackTeamCountry "GER"]

1. d4 Nf6 2. c4 g6 3. Nc3 Bg7 4. e4 d6 5. Be2 0-0 6. Bg5 c5 7. d5 Qa5 8. Qd2 a6 9. f3 Re8 10. Bd3 e6 11. dxe6 Bxe6 12. Nge2 Nc6 13. 0-0 Nd7 14. b3 Nd4 15. Rad1 b5 16. Be3 Nxe2+ 17. Nxe2 Qxd2 18. Rxd2 Ne5 19. cxb5 Nxd3 20. Rxd3 axb5 21. Nc1 Bb2 22. Rxd6 Bxc1 23. Rxc1 c4 24. a4 cxb3 25. axb5 Ra5 26. b6 Rb5 27. Bd4 b2 28. Rb1 Rc8 29. h3 Rc1+ 30. Kh2 Rxb1 31. Rd8# 1-0

[Event "Hamburg-chT Landesliga 1011"]
[Site "Hamburg"]
[Date "2011.04.17"]
[Round "9.6"]
[White "Kirsch, Sergius"]
[Black "Chin, Karin"]
[Result "0-1"]
[WhiteElo "1961"]
[BlackElo "2055"]
[PlyCount "38"]
[EventDate "2010.10.10"]
[EventType "team-tourn"]
[EventRounds "9"]
[EventCountry "GER"]
[SourceTitle "EXT 2022"]
[Source "ChessBase"]
[SourceDate "2021.10.06"]
[SourceVersion "1"]
[SourceVersionDate "2021.10.06"]
[SourceQuality "1"]
[WhiteTeam "Hamburger SK IV"]
[BlackTeam "Hamburg Koenigsspringer II"]
[WhiteTeamCountry "GER"]
[BlackTeamCountry "GER"]

1. d4 Nf6 2. c4 Nc6 3. Nc3 e5 4. d5 Ne7 5. e3 Ng6 6. Bd3 Bb4 7. Nge2 Qe7 8. 0-0 0-0 9. a3 Bxc3 10. Nxc3 e4 11. Bc2 d6 12. Qd4 Re8 13. b4 Nh4 14. Bb2 Nf5 15. Qd1 h5 16. Nb5 Nh4 17. Bxf6 Qxf6 18. Nxc7 Bg4 19. Qb1 Nf3+ 0-1

[Event "GER-chT Nord-West U20"]
[Site "Germany"]
[Date "2007.01.21"]
[Round "6"]
[White "Chin, Karin"]
[Black "Schmidt, Armin"]
[Result "0-1"]
[WhiteElo "2053"]
[BlackElo "1963"]
[PlyCount "68"]
[EventDate "2006.09.24"]
[EventType "team"]
[EventRounds "9"]
[EventCountry "GER"]
[SourceTitle "EXT 2008"]
[Source "ChessBase"]
[SourceDate "2007.11.25"]
[SourceVersion "1"]
[SourceVersionDate "2007.11.25"]
[SourceQuality "1"]

1. e4 c5 2. Nf3 Nc6 3. d4 cxd4 4. Nxd4 Nf6 5. Nc3 e6 6. Be3 Bb4 7. Bd3 d5 8. exd5 exd5 9. 0-0 Bg4 10. Nce2 0-0 11. c3 Ba5 12. f3 Bd7 13. Nf5 Bb6 14. Ned4 Ne5 15. Bc2 Nc4 16. Bg5 Nxb2 17. Qe1 Bxf5 18. Bxf5 h6 19. Bc1 Nc4 20. Qh4 Re8 21. Bd3 Rc8 22. Kh1 Nd6 23. Bd2 Nd7 24. Qh5 Ne5 25. Bb1 Qf6 26. a4 Ndc4 27. Bc1 Ba5 28. Nf5 Ng6 29. Ra2 Bxc3 30. Bxh6 gxh6 31. Nxh6+ Kf8 32. Qxd5 Nd6 33. Bd3 Nf4 34. Qb3 Qxh6 0-1

[Event "Oberliga Nord N 0607"]
[Site "Germany"]
[Date "2006.10.29"]
[Round "2.8"]
[White "Klawitter, Harald"]
[Black "Chin, Karin"]
[Result "1/2-1/2"]
[WhiteElo "2100"]
[BlackElo "2030"]
[PlyCount "33"]
[EventDate "2006.10.15"]
[EventType "team-tourn"]
[EventRounds "9"]
[EventCountry "GER"]
[SourceTitle "EXT 2019"]
[Source "ChessBase"]
[SourceDate "2018.10.10"]
[SourceVersion "1"]
[SourceVersionDate "2018.10.10"]
[SourceQuality "1"]
[WhiteTeam "Kiel Meerbauer"]
[BlackTeam "Hamburg Diogenes"]
[WhiteTeamCountry "GER"]
[BlackTeamCountry "GER"]

1. c4 Nf6 2. g3 g6 3. Bg2 Bg7 4. Nc3 0-0 5. d3 d6 6. e4 e5 7. Nge2 Nc6 8. 0-0 Be6 9. Nd5 Nh5 10. Nec3 Qd7 11. Ne3 Nd4 12. Bd2 c6 13. Nc2 Nxc2 14. Qxc2 f5 15. exf5 Bxf5 16. Ne4 d5 17. Nc5 1/2-1/2

[Event "GER-ch U18 Girls"]
[Site "Willingen"]
[Date "2006.06.08"]
[Round "8"]
[White "Chin, Karin"]
[Black "Reiske, Anne"]
[Result "1-0"]
[WhiteElo "2008"]
[BlackElo "1711"]
[PlyCount "43"]
[EventDate "2006.06.03"]
[EventType "swiss"]
[EventRounds "9"]
[EventCountry "GER"]
[SourceTitle "EXT 2007"]
[Source "ChessBase"]
[SourceDate "2006.11.23"]
[SourceVersion "1"]
[SourceVersionDate "2006.11.23"]
[SourceQuality "1"]

1. e4 d5 2. exd5 Qxd5 3. Nc3 Qa5 4. d4 c6 5. Bc4 Nf6 6. Bd2 Qc7 7. Qe2 Bf5 8. Nf3 Bxc2 9. Rc1 Bg6 10. d5 Nbd7 11. dxc6 bxc6 12. Nb5 Qb8 13. Nbd4 Qb6 14. Nxc6 Ne4 15. Ba5 Qxf2+ 16. Qxf2 Nxf2 17. Kxf2 e6 18. Bb5 Bc5+ 19. Rxc5 Nxc5 20. Nce5+ Ke7 21. Bb4 Rhc8 22. Nc6+ 1-0

[Event "GER-ch U18 Girls"]
[Site "Willingen"]
[Date "2005.05.17"]
[Round "6"]
[White "Chin, Karin"]
[Black "Dubel, Natali"]
[Result "1-0"]
[WhiteElo "1991"]
[BlackElo "1400"]
[PlyCount "57"]
[EventDate "2005.05.14"]
[EventType "swiss"]
[EventRounds "9"]
[EventCountry "GER"]
[SourceTitle "CBM 106 Extra"]
[Source "ChessBase"]
[SourceDate "2005.07.01"]
[SourceVersion "1"]
[SourceVersionDate "2005.07.01"]
[SourceQuality "1"]

1. e4 d6 2. d4 Nf6 3. Nc3 g6 4. Nf3 Bg7 5. Be3 c6 6. Bd3 0-0 7. Qd2 Nbd7 8. Bh6 e5 9. Bxg7 Kxg7 10. dxe5 Nxe5 11. Nxe5 dxe5 12. h4 h5 13. Ne2 Be6 14. Ng3 Qd4 15. c3 Qd6 16. 0-0-0 Bxa2 17. Qg5 Qe6 18. Bc4 Bxc4 19. Nf5+ Kg8 20. f3 Rad8 21. Rxd8 Rxd8 22. g4 Be2 23. gxh5 Nxh5 24. Qxd8+ Kh7 25. Ne3 Bxf3 26. Rf1 Bxe4 27. Qc7 b5 28. Rxf7+ Kg8 29. Re7 1-0

[Event "GER-ch U18 Girls"]
[Site "Willingen"]
[Date "2005.05.14"]
[Round "1"]
[White "Chin, Karin"]
[Black "Dauer, Christina"]
[Result "1/2-1/2"]
[WhiteElo "1991"]
[BlackElo "1645"]
[PlyCount "79"]
[EventDate "2005.05.14"]
[EventType "swiss"]
[EventRounds "9"]
[EventCountry "GER"]
[SourceTitle "CBM 106 Extra"]
[Source "ChessBase"]
[SourceDate "2005.07.01"]
[SourceVersion "1"]
[SourceVersionDate "2005.07.01"]
[SourceQuality "1"]

1. e4 e6 2. d4 d5 3. Nc3 Bb4 4. Nge2 dxe4 5. a3 Be7 6. Nxe4 Nd7 7. Qd3 Ngf6 8. Ng5 c5 9. Nf4 Nb6 10. dxc5 Qxd3 11. Nxd3 Nbd7 12. b4 a5 13. Bb2 Nd5 14. Ne4 0-0 15. c4 N5f6 16. Nxf6+ Bxf6 17. Bxf6 Nxf6 18. b5 e5 19. Nxe5 Re8 20. f4 Ng4 21. Kd2 Nf2 22. Bd3 Nxh1 23. Rxh1 f6 24. Nf3 Bd7 25. Rb1 Rad8 26. Kc2 Rc8 27. c6 bxc6 28. b6 c5 29. Nd2 Bc6 30. Nb3 Rb8 31. Nxc5 Bxg2 32. Na6 Rb7 33. Nc5 Rf7 34. Kc3 g6 35. Rb5 Rb8 36. Na6 Rbb7 37. Nc5 Rb8 38. Na6 Rbb7 39. Nc5 Rb8 40. Na6 1/2-1/2

[Event "Hamburg State-ch U18"]
[Site "Cuxhaven"]
[Date "2005.03.16"]
[Round "6"]
[White "Chin, Karin"]
[Black "Hagenlueke, Thomas"]
[Result "1/2-1/2"]
[WhiteElo "1978"]
[BlackElo "1573"]
[PlyCount "73"]
[EventDate "2005.03.12"]
[EventType "swiss"]
[EventRounds "9"]
[EventCountry "GER"]
[SourceTitle "EXT 2007"]
[Source "ChessBase"]
[SourceDate "2006.11.23"]
[SourceVersion "1"]
[SourceVersionDate "2006.11.23"]
[SourceQuality "1"]

1. e4 c5 2. Nf3 Nc6 3. d4 cxd4 4. Nxd4 Nf6 5. Nc3 e5 6. Ndb5 d6 7. Bg5 a6 8. Na3 b5 9. Nd5 Be7 10. Bxf6 Bxf6 11. c3 Bg5 12. Nc2 0-0 13. h4 Bh6 14. g4 Bf4 15. Qf3 Re8 16. Be2 Ne7 17. Nxf4 exf4 18. 0-0-0 Bb7 19. Qxf4 Ng6 20. Qxd6 Qxd6 21. Rxd6 Bxe4 22. Re1 Nxh4 23. Bd3 Bxd3 24. Rxd3 Rxe1+ 25. Nxe1 f6 26. Rd6 Ng6 27. Nd3 Ne5 28. Nxe5 fxe5 29. Re6 Rf8 30. Rxe5 Rxf2 31. g5 Kf7 32. Rc5 Rg2 33. a3 Re2 34. Rc7+ Re7 35. Rc5 Re2 36. Kb1 Re6 37. b3 1/2-1/2

[Event "Hamburg State-ch U18"]
[Site "Cuxhaven"]
[Date "2005.03.14"]
[Round "4"]
[White "Chin, Karin"]
[Black "Mueller, Philipp"]
[Result "1/2-1/2"]
[WhiteElo "1978"]
[BlackElo "2016"]
[PlyCount "41"]
[EventDate "2005.03.12"]
[EventType "swiss"]
[EventRounds "9"]
[EventCountry "GER"]
[SourceTitle "EXT 2007"]
[Source "ChessBase"]
[SourceDate "2006.11.23"]
[SourceVersion "1"]
[SourceVersionDate "2006.11.23"]
[SourceQuality "1"]

1. e4 c5 2. Nf3 e6 3. b3 b6 4. d4 cxd4 5. Nxd4 a6 6. Bb2 Bb7 7. Nd2 d6 8. Bd3 Nf6 9. 0-0 Nbd7 10. Qe2 Ne5 11. f4 Nxd3 12. cxd3 Be7 13. Rac1 0-0 14. Rc2 b5 15. b4 Qb6 16. Kh1 Rac8 17. Rfc1 Nd7 18. a3 Bf6 19. N2b3 Rxc2 20. Rxc2 Rc8 21. Rxc8+ 1/2-1/2

[Event "Travemuende op 21th"]
[Site "Travemuende"]
[Date "2004.12.28"]
[Round "4"]
[White "Wiebe, Patrick Martin"]
[Black "Chin, Karin"]
[Result "1-0"]
[WhiteElo "2210"]
[BlackElo "1938"]
[PlyCount "107"]
[EventDate "2004.12.27"]
[EventType "swiss"]
[EventRounds "7"]
[EventCountry "GER"]
[SourceTitle "EXT 2006"]
[Source "ChessBase"]
[SourceDate "2005.11.24"]
[SourceVersion "1"]
[SourceVersionDate "2005.11.24"]
[SourceQuality "1"]

1. Nf3 Nf6 2. c4 g6 3. g3 Bg7 4. Bg2 d6 5. Nc3 0-0 6. 0-0 Nc6 7. Rb1 a5 8. a3 e5 9. b4 axb4 10. axb4 Be6 11. b5 Ne7 12. d3 h6 13. Bb2 Qd7 14. Ra1 Rac8 15. c5 Bh3 16. Ra7 Bxg2 17. Kxg2 Rb8 18. Qb3 Rfe8 19. Ra4 Nh7 20. cxd6 cxd6 21. Ba3 Ra8 22. Rc1 Nf8 23. Rxa8 Rxa8 24. Qb4 Rd8 25. Ne4 Nc8 26. Nc3 d5 27. e4 dxe4 28. dxe4 Ne6 29. Nd5 Kh8 30. Bb2 f6 31. Rd1 Qe8 32. b6 Qd7 33. Rd2 Qf7 34. Qb3 Rf8 35. Qe3 Kh7 36. Rc2 Rd8 37. Ba3 h5 38. h4 Bh6 39. Qb3 Bg7 40. Kh2 Nd6 41. Nc7 Nxc7 42. Qxf7 Nxf7 43. Rxc7 Nd6 44. Bxd6 Rxd6 45. Rxb7 Rd3 46. Kg2 Rb3 47. Nd2 Rb4 48. Kf3 f5 49. Ke3 Kg8 50. Kd3 Bf8 51. Nc4 Bc5 52. Kc3 Rb5 53. Rb8+ Kg7 54. exf5 1-0

[Event "GER-chT North U16"]
[Site "Syke"]
[Date "2004.09.18"]
[Round "5.1"]
[White "Seemann, Semjon"]
[Black "Chin, Karin"]
[Result "1/2-1/2"]
[WhiteElo "1651"]
[BlackElo "1872"]
[PlyCount "83"]
[EventDate "2004.09.16"]
[EventType "team-swiss"]
[EventRounds "7"]
[EventCountry "GER"]
[SourceTitle "EXT 2006"]
[Source "ChessBase"]
[SourceDate "2005.11.24"]
[SourceVersion "1"]
[SourceVersionDate "2005.11.24"]
[SourceQuality "1"]

1. e4 c5 2. Nf3 Nc6 3. d4 cxd4 4. Nxd4 g6 5. Nc3 Bg7 6. Be3 Nf6 7. Bc4 Qa5 8. f3 Qb4 9. Bb3 Nxe4 10. fxe4 Bxd4 11. Bxd4 Nxd4 12. a3 Qc5 13. Ba2 d6 14. Qd2 Be6 15. 0-0-0 Bxa2 16. Qxd4 Qxd4 17. Rxd4 Be6 18. Nb5 0-0 19. Nc7 Rac8 20. Nd5 Rfe8 21. Rhd1 g5 22. Rb4 b6 23. Ra4 a5 24. Nxb6 Rc5 25. Nd5 Kf8 26. Rad4 Rec8 27. R1d2 Rc4 28. Ne3 Rxd4 29. Rxd4 Rc5 30. Kd2 Kg7 31. Nd5 Kf8 32. Kd3 f5 33. Ne3 fxe4+ 34. Kxe4 Bf7 35. Kd3 Bg6+ 36. Kd2 Kf7 37. c4 Ke6 38. b4 axb4 39. axb4 Rc7 40. Rg4 h6 41. Kc3 Ra7 42. Kb2 1/2-1/2